书目信息 |
| 题名: |
语病百讲
|
|
| 作者: | 李明洁 著 | |
| 分册: | ||
| 出版信息: | 上海 上海锦绣文章出版社 2008.04 |
|
| 页数: | 205页 | |
| 开本: | 21cm | |
| 丛书名: | 咬文嚼字文库 | |
| 单 册: | ||
| 中图分类: | H146.3 | |
| 科图分类: | ||
| 主题词: | 汉语 , 汉语--病句--分析 , 病句 | |
| 电子资源: | ||
| ISBN: | 978-7-80685-972-8 | |
| 000 | 00820nam0 2200289 450 | |
| 001 | 003853174 | |
| 005 | 20080827163621.0 | |
| 010 | @a978-7-80685-972-8@dCNY 15.00 | |
| 090 | @aH146@blmj | |
| 096 | @aH146@blmj | |
| 100 | @a20080801d2008 em y0chiy50 ea | |
| 101 | 0 | @achi |
| 102 | @aCN@b310000 | |
| 105 | @ay z 000yy | |
| 200 | 1 | @a语病百讲@b专著@f李明洁著@9yu bing bai jiang |
| 210 | @a上海@c上海锦绣文章出版社@d2008.04 | |
| 215 | @a205页@d21cm | |
| 225 | 1 | @a咬文嚼字文库@i慧眼书系 |
| 330 | @a本书分为语法病句、语义病句和语用病句三章,对每一病句大致分为四个板块:病例、诊断、辨析和链接。 | |
| 606 | 0 | @a汉语 |
| 606 | 0 | @a汉语@x病句@x分析 |
| 606 | 0 | @a病句 |
| 690 | @aH146.3@v5 | |
| 701 | 0 | @a李明洁@4著@9li ming jie |
| 905 | @aBZT@dH146.3@e1 | |
| 906 | @dCNY16.00@n0@r1 | |
| SYS | @003853174 | |
| 语病百讲/李明洁著.-上海:上海锦绣文章出版社,2008.04 |
| 205页;21cm.-(咬文嚼字文库.慧眼书系) |
| ISBN 978-7-80685-972-8:CNY 15.00 |
| 本书分为语法病句、语义病句和语用病句三章,对每一病句大致分为四个板块:病例、诊断、辨析和链接。 |
| ● |
| 相关链接 |
|
|
|
正题名:语病百讲
索取号:H146.3/1
 
预约/预借
| 序号 | 登录号 | 条形码 | 馆藏地/架位号 | 状态 | 备注 |
| 1 | 759227 | 2000759227 | 样本书库/样006架A面3层2列/ [索取号:H146.3/1] | 在馆 | |
| 2 | 759228 | 2000759228 | 中心书库中库/ 中库040架A面2列3层48/ [索取号:H146.3/1] | 在馆 | |
| 3 | 759229 | 2000759229 | 中心书库中库/ 中库040架A面2列3层47/ [索取号:H146.3/1] | 在馆 | |
| 4 | 759230 | 2000759230 | 中心书库中库/ 中库040架A面2列3层51/ [索取号:H146.3/1] | 在馆 | |
| 5 | 759231 | 2000759231 | 中心书库中库/ 中库040架A面2列3层50/ [索取号:H146.3/1] | 在馆 | |
| 6 | 759232 | 2000759232 | 中心书库中库/ 中库040架A面2列3层49/ [索取号:H146.3/1] | 在馆 |